Max Verstappen Theme Song Chorus Lyrics - Statistics

General Stats
  • This quiz has been taken 13 times
  • The average score is 22 of 24
Answer Stats
Answer % Correct
Max
100%
Du
91%
Du
91%
Du
91%
Du
91%
Du
91%
Du
91%
Du
91%
Du
91%
Max
91%
Max
91%
Max
91%
Tu
91%
Tu
91%
Tu
91%
Tu
91%
Tu
91%
Tu
91%
Tu
91%
Tu
91%
Verstappen
91%
Verstappen
91%
Verstappen
91%
Verstappen
82%
No matching quizzes found
Score Distribution
Percent of People with Each Score
Percentile by Number Answered
Your Score History
You have not taken this quiz